La teoría de la democracia en el mundo real /

Análisis de democracia desde una perspectiva centrada en la acción, que incluye tanto planteamientos teóricos como aplicaciones reales, con el propósito de trazar las líneas de una justicia democrática.

Guardado en:
Detalles Bibliográficos
Autor principal: Shapiro, Ian (autor)
Otros autores: Urdánoz, Jorge (traducción) (traducción), Gallego, Santiago (traducción) (traducción)
Formato: Libro
Idioma:Español
Publicado: Madrid, España : Marcial Pons, 2004, c2004
Colección:(Filosofía y Derecho Marcial Pons)
Temas:
Etiquetas: Agrega una etiqueta
Sin etiquetas, Sé el primero en etiquetar este registro!

MARC

LEADER 00000nam^a2200000^a^4500
001 000349288
005 20250521000000.0
009 20260310114906.97
020 |a 978-84-9768-902-1 
037 |a Acervo ITESO - Biblioteca 
041 |a ESP 
082 |a 340. 1  |b FYD V. 13 
100 |a Shapiro, Ian  |e (autor) 
245 1 3 |a La teoría de la democracia en el mundo real /  |c I. Shapiro ; tr. por J. Urdánoz, S. Gallego. 
264 4 |a Madrid, España :  |b Marcial Pons,  |c 2004, c2004 
300 |a 311 p. 
336 |a texto  |b txt  |2 rdacontenido 
337 |a sin mediación  |b n  |2 rdamedio 
338 |a volumen  |b nc  |2 rdasoporte 
440 1 |a (Filosofía y Derecho Marcial Pons) 
500 |a Traducción de: Playin by the Rules. A Philosophical Examination of Rule-Based Decision-Making in Law and in Life 
520 |a Análisis de democracia desde una perspectiva centrada en la acción, que incluye tanto planteamientos teóricos como aplicaciones reales, con el propósito de trazar las líneas de una justicia democrática. 
521 |a FIL 2014 Departamento de Estudios Sociopolíticos y Jurídicos 
649 |a XX 
650 |a Empresas -  |z Israel 
650 |a Opinión Pública -  |z EUA 
650 |a Impuestos sobre Herencias y Donaciones -  |z EUA 
650 |a Aborto -  |z EUA -  |x Aspectos Jurídicos 
650 |a Guerra y Paz -  |z Medio Oriente 
650 |a Democracia -  |z EUA 
650 |a Democracia -  |z Medio Oriente 
650 |a Democracia -  |z Sudáfrica 
650 |a Democracia -  |z Irlanda del Norte 
650 |a Democracia -  |x Teoría -  |x Tema Principal 
650 |a Derecho y Política 
650 |a Política -  |x Teoría 
700 |a Urdánoz, Jorge  |e (traducción) 
700 |a Gallego, Santiago  |e (traducción) 
910 |a Fondo General 
920 |a Impresos - Libros 
930 |a Colección General 
905 |a 101 
901 |a 0500239674  |b IT1  |c ACC  |i C143583  |u 20250521 
902 |a https://opac.biblio.iteso.mx/vufind/Record/000349288